banner-ar

LA PHOTOGRAPHIE HISTOIRE D'UN ART / (Record no. 16996)

MARC details
000 -الفاتح
حقل البيانات ثابتة الطول 00575nam a2200205Ia 4500
005 - وقت وتاريخ اخر تعامل مع التسجيلة
رقم الضبط 20240530100350.0
008 - عناصر البيانات ثابتة الطول - معلومات عامة
حقل البيانات ثابتة الطول 140319s9999 xx 000 0 eng d
040 ## - مصدر الفهرسة
وكالة الفهرسة الأصلية GCL /
وكالة النسخ GCL
082 04 - رقم تصنيف ديوى العشرى
رقم التصنيف 770.23
رقم المادة D L
100 1# - المدخل الرئيسى - إسم شخصى
الإسم الشخصى DAVAL, JEAN - LUC
245 10 - بيان العنوان
العنوان LA PHOTOGRAPHIE HISTOIRE D'UN ART /
بيان المسئوليه,etc DAVAL, JEAN - LUC
260 ## - PUBLICATION, DISTRIBUTION, ETC. (IMPRINT)
تاريخ النشر أو التوزيع 1982
300 ## - الوصف المادى
التعداد 267 PP
650 04 - المدخل الاضافى بالموضوع-مصطلح موضوعى
مصطلح موضوعي التصوير الفوتوغرافى
650 04 - المدخل الاضافى بالموضوع-مصطلح موضوعى
مصطلح موضوعي اللوحات الفنية
650 04 - المدخل الاضافى بالموضوع-مصطلح موضوعى
مصطلح موضوعي رسم الاشخاص
650 04 - المدخل الاضافى بالموضوع-مصطلح موضوعى
مصطلح موضوعي ART
942 ## - عناصر المدخل الإضافي( كوها)
مصدر التصنيف او مخطط الترفيف Dewey Decimal Classification
Koha [default] item type كتاب
260 ## - PUBLICATION, DISTRIBUTION, ETC. (IMPRINT)
-- [S.N] :
-- Art Albert Skira S.A ،
Holdings
حالة التراجع حالة الفقد حالة تلف ليس للاعارة المكان المؤقت الموقع الحالى تاريخ الاكتساب اجمالي اﻻعارات رقم الطلب الباركود تاريخ اخر مشاهدة تاريخ تفعيل السعر نوع وعاء كوها
        مكتبة القاهرة الكبرى مكتبة القاهرة الكبرى 03/26/2014   770.23\D L 30694 03/26/2014 03/26/2014 كتاب
        مكتبة القاهرة الكبرى مكتبة القاهرة الكبرى 03/26/2014   770.23\D L 30695 03/26/2014 03/26/2014 كتاب

Powered By

EGPV